000 00420nab a2200145Ia 4500
003 ES-SlBCS
005 20210601131724.0
008 140529s1952 xxu||||| |||| 00| 0 fre d
041 _afre
100 1 _aLesourd, J.-A.
_9188301
245 0 0 _aLa flamme et levent, d'H. Hatzfeld
_c J.-A. Lesourd
600 1 4 _aHatzfeld, H.
_9188302
773 0 _tVie Intelectuelle (La)
_gnº. 10, 1952, págs. 132-134
_wRev907
942 _cAR
999 _c567655
_d567655